| 000 | 00580nam a2200205 a 4500 | ||
|---|---|---|---|
| 001 | 84961 | ||
| 003 | BD-RjUL | ||
| 005 | 20250520140859.0 | ||
| 008 | 250520s1962 ii ||||| |||| 00| 0 eng d | ||
| 035 | _a(BD-RjUL)84961 | ||
| 040 |
_aBD-RjUL _beng _cBD-RjUL |
||
| 041 | _aben | ||
| 082 |
_223 _a822.33 _bSHR 1962 |
||
| 100 | _aShakespeare, William | ||
| 245 |
_aRomeo and Juliet / _cWilliam Shakespeare |
||
| 260 |
_aAgra : _bLaksmi Narain pub., _c1962 |
||
| 300 |
_a419 p.; _c19 cm. |
||
| 600 |
_aShakespeare, William, _cRomeo and Juliet. _d1564-1616 _915614 |
||
| 942 |
_2ddc _cBK |
||
| 999 |
_c84961 _d84961 |
||